[Event "Stepanakert-B"]
[Site "Stepanakert"]
[Date "2005.10.03"]
[Round "2"]
[White "Petrosian, Tigran L"]
[Black "Tischbierek, Raj"]
[Result "1-0"]
[WhiteElo "2564"]
[BlackElo "2466"]
[Annotator "Huzman,A"]
[PlyCount "57"]
[EventDate "2005.10.02"]
[EventType "tourn"]
[EventRounds "9"]
[EventCountry "ARM"]
[EventCategory "11"]
[SourceTitle "CBM 110"]
[Source "ChessBase"]
[SourceDate "2006.01.31"]
[SourceVersion "1"]
[SourceVersionDate "2006.01.31"]
[SourceQuality "1"]

1. e4 e5 2. Nf3 d6 3. d4 exd4 4. Nxd4 Nf6 5. Nc3 Be7 6. Be2 O-O 7. O-O Re8 8.
f4 Bf8 9. Bf3 c5 (9... Na6 10. Re1 c6 11. Be3 d5 12. e5 c5 13. exf6 Rxe3 14.
Rxe3 cxd4 15. Bxd5 Bf5 16. Re5 $16 {1-0 Dolmatov,S-Lerner,K/Daugavpils 1978/
MCD (26)}) 10. Nde2 (10. Nb3 Nc6 11. Be3 a5 (11... d5 12. exd5 Rxe3 13. dxc6
Qb6 $44 {Smirin,I-Kuzmin,G/USSR (ch) 1990/Inf 50 (13)}) (11... Bf5 12. Bxc5 (
12. exf5 Rxe3 13. Qd2 Re8 14. Kh1 c4 15. Nd4 d5 16. Rad1 Bc5 17. Nxc6 bxc6 $17
{1/2-1/2 Klovans,J-Kazhgaleyev,M/Cappelle la Grande 2002/CBM 86 ext (57)})
12... dxc5 13. Qxd8 Raxd8 14. exf5 c4 15. Bxc6 bxc6 16. Na5 Ng4 17. h3 Ne3 18.
Rfe1 Nxc2 19. Rxe8 Rxe8 20. Rd1 Ne3 21. Rd7 $11 {1/2-1/2 Zumsande,M-Ivanisevic,
I/Hamburg GER 2005/(62)}) 12. a4 Nb4 13. Bf2 Bd7 14. Bh4 Bc6 15. Nd5 Nbxd5 16.
exd5 Bd7 17. Nd2 Be7 18. Bf2 b5 19. axb5 Bxb5 20. Re1 Qc7 21. Ra3 $14 {1/2-1/2
Tiviakov,S-Fressinet,L/Gothenburg SWE 2005/(30)}) 10... Nc6 (10... Bg4 11. Ng3
Bxf3 12. Qxf3 Nc6 13. Be3 Qb6 14. b3 Nd4 15. Qd1 Nb5 16. Na4 Qc6 17. c4 Nc7 18.
Nc3 $14 {0-1 Alcazar Jimenez,V-Pakleza,Z/Chalkidiki 2003/EXT 2004 (41)}) 11. h3
(11. b3 a5 (11... Bd7 12. Bb2 {1/2-1/2 Rublevsky,S-Nisipeanu,L/Istanbul 2003/
CBM 96 (12)}) 12. Bb2 a4 13. e5 a3 $1 $11 {1-0 Felgaer,R-Nisipeanu,L/Calvia
ESP 2004/(73)}) (11. f5 d5 (11... h6 12. Nf4 Nd4 13. Nfd5 Nxf3+ 14. gxf3 g6 15.
Nxf6+ Qxf6 16. Nd5 Qd8 17. Kh1 $36 {1-0 Kuzmin,A-Seel,C/Gibraltar Masters 2004/
(29)}) 12. exd5 Nd4 13. Nxd4 cxd4 14. Qxd4 $16 {1-0 Georgiev,V-Scalcione,M/
Genova 2001/CBM 85 ext (21)}) 11... Qb6 $6 {The continuation of the game will
show that the Q on b6 is placed not ideally and helps White in his plans.} (
11... Bd7 12. Be3 (12. g4 h6 13. Ng3 Nd4 14. Bg2 b5 (14... Bc6 15. Be3 Qb6 16.
Rb1 a5 17. Qd2 a4 18. Qf2 $36 {1-0 Zaitsev,V-Palekha,A/Serpukhov RUS 2004/(28)}
) 15. a3 (15. Be3 Rc8 16. g5 hxg5 17. fxg5 Nh7 18. Rxf7 $2 Kxf7 19. g6+ Kg8 20.
Qh5 Nf6 21. Qh4 Re5 22. Rf1 Nh5 23. Rxf8+ Kxf8 {0-1 Nechepurenko,R-Palekha,A/
Serpukhov RUS 2004/(23)}) 15... Bc6 16. Be3 Qb6 17. b4 a5 18. bxc5 dxc5 19. e5
Bxg2 20. Kxg2 Qc6+ 21. Kh2 Rad8 $132 {0-1 Renet,O-Fressinet,L/Clichy 2001/CBM
82 ext (74)}) 12... b5 13. e5 (13. Ng3 Qb6 14. Nh5 Nxh5 15. Bxh5 Ne7 16. f5 Bc6
17. f6 $36 {1/2-1/2 Lahno,K-Tischbierek,R/Stepanakert ARM 2005/(30)}) 13... Rb8
14. exf6 Rxe3 15. Nd5 Re8 16. Ng3 Nd4 17. c3 Nf5 18. Nxf5 Bxf5 19. a4 $36 {
0-1 Boidman,Y-Seel,C/2BLW0304 Remagen-Godesberg sp04/2 2004 (71)}) (11... Qc7
12. g4 Nd4 13. Nxd4 cxd4 14. Qxd4 d5 15. Nxd5 Nxd5 16. Qxd5 Qxc2 17. Qd2 Qc7
18. Qf2 $16 {1/2-1/2 Luciani,C-Payen,A/Imperia 2000/EXT 2001 (46)}) (11... Be6
12. b3 Rc8 13. Kh1 Bd7 14. Bb2 $14 {1/2-1/2 Ciric,D-Nikolic,S/Titograd 1965/
MCD (77)}) (11... h5 12. Be3 Bd7 13. Nc1 (13. Bf2 Ng4 14. hxg4 hxg4 15. Ng3
gxf3 16. Qxf3 Nd4 17. Qd1 Re6 18. f5 Rh6 19. Be3 $16 {1/2-1/2 Arutyunova,
D-Kalinina,O/Kharkiv UKR 2005/(46)}) 13... b5 14. e5 dxe5 15. Bxh5 Nd4 $17 {
1/2-1/2 Andrenko,I-Kalinina,O/Evpatoria 2005/CBM 106 ext (51)}) 12. b3 Bd7 13.
Be3 {[%cal Ge3b6]} Rad8 14. Bf2 $1 Qa5 15. Be1 Qa6 16. Bh4 Be7 17. Bf2 Bf8 $6 (
17... Qa3 18. g4 $36) (17... b5 18. a3 Qb7 19. g4 $36) 18. a3 $1 {[%cal Gb3b4]
[%mdl 32] The domination of White in the centre gives him possibilties to play
on both sides. He starts to attack on the queen's side.} Qa5 (18... Bc8 $142
19. b4 Qc4 20. Qd3 Be6 21. b5 Na5 22. f5 Bd7 23. Nf4 $14) 19. b4 Qc7 20. Bh4 $1
Ne7 (20... Be7 21. b5 Nb8 22. Bxf6 Bxf6 23. Nd5 $18) (20... Be6 21. b5 (21. Nd5
Bxd5 22. exd5 Ne7 23. Bxf6 gxf6 24. Qd3 c4 25. Qd4 Nf5 $132) 21... Ne7 22. Bxf6
gxf6 23. Ng3) 21. b5 Be6 22. Bxf6 gxf6 23. Ng3 $1 {White is concentrating his
pieces on the king's side now.} Bc4 $2 (23... Bg7 24. f5 (24. Nh5 f5 25. Nxg7
Kxg7 26. Qb1 $5 c4 27. Qb2 Kg8 $14) 24... Bc8 25. Nh5 (25. Nd5 Nxd5 26. Qxd5
Re5 27. Qd2 c4 $132) 25... d5 26. Nxd5 (26. exd5 Qe5 27. Qd2 Nxf5 28. Rfe1 Ne3
$132) 26... Nxd5 27. exd5 Bxf5 28. Qd2 $14) 24. Be2 $18 {After the exchange of
the light-squared bishops the position of Black becomes undefendable.} Bxe2 25.
Qxe2 d5 (25... f5 26. Nh5 Bg7 27. Nxg7 Kxg7 28. exf5 $18) 26. Nh5 Qb6 27. e5 $1
Bg7 (27... fxe5 28. fxe5 Bg7 29. Rf6 Bxf6 30. Nxf6+ Kg7 31. Qg4+ Ng6 32. Ncxd5
Qa5 (32... Qe6 33. Nc7 $1 $18) 33. Qg5 $1 Rxe5 34. Nh5+ Kg8 35. Qh6 Rxh5 36.
Nf6+ Kh8 37. Qxh5 Kg7 38. Qxh7+ $18) 28. f5 (28. Qg4 Ng6 29. f5 fxe5 30. Rad1
$18) 28... Kh8 $2 (28... c4+ 29. Kh1 Qd4 30. Qf3 Bh8 31. Rad1 Qxe5 32. Rfe1 Qd6
33. Nxd5 Nxd5 34. Rxe8+ Rxe8 35. Qxd5 $18) 29. Na4 1-0

[Event "EU-Cup 20th"]
[Site "Izmir"]
[Date "2004.10.05"]
[Round "3.1"]
[White "Adams, Michael"]
[Black "Kurajica, Bojan"]
[Result "1-0"]
[WhiteElo "2740"]
[BlackElo "2541"]
[Annotator "Huzman,A"]
[PlyCount "77"]
[EventDate "2004.10.03"]
[EventType "team-swiss"]
[EventRounds "7"]
[EventCountry "TUR"]
[SourceTitle "CBM 104"]
[Source "ChessBase"]
[SourceDate "2005.01.27"]
[SourceVersion "1"]
[SourceVersionDate "2005.01.27"]
[SourceQuality "1"]
[WhiteTeam "Paris NAO"]
[BlackTeam "Sarajevo Zeljeznicar"]
[WhiteTeamCountry "FRA"]
[BlackTeamCountry "BIH"]

1. e4 e5 2. Nf3 d6 3. d4 Qe7 4. Nc3 c6 5. Bc4 h6 6. O-O (6. a4 a5 (6... Nd7 7.
O-O g5 8. dxe5 (8. b4 Nb6 9. Bb3 Bg4 10. dxe5 dxe5 11. Qd3 Qf6 12. b5 Bxf3 $13
{1-0 Nedzmedin,S-Brankovic,D/Skopje 1998/EXT 2000 (50)}) 8... dxe5 9. Ne2 Nb6
10. Bb3 Bg4 11. Ng3 Qf6 12. Nf5 Rd8 13. Qe2 Ne7 14. h3 Bxf3 15. Qxf3 Nxf5 16.
a5 Nc8 17. a6 b6 18. exf5 Ne7 19. Be3 Qxf5 20. Rfd1 $44 {1-0 Kovacevic,
B-Markotic,G/Tucepi 1996/EXT 98 (51)}) (6... Nf6 7. dxe5 dxe5 8. h3 Qc7 9. O-O
Be7 10. Qe2 (10. Nh4 g5 11. Nf5 Bxf5 12. exf5 Nbd7 13. Be3 Kf8 14. Qe2 Kg7 15.
Bb3 Qa5 16. Qc4 {[%csl Rg7,Rh6,Rh8]} Rhf8 17. h4 Nb6 18. Bxb6 axb6 $11 {
0-1 Khmelnitski,A-Soldatenkov,K/St Petersburg 1999/CBM 74/[Blatny,P] (35)})
10... Nbd7 11. Be3 Nc5 $2 12. Bxf7+ Kxf7 13. Bxc5 $18 {1-0 Lampe,D-Scheller,C/
Schleswig Holstein 1994/EXT 2002 (21)}) (6... g5 7. h3 Nd7 8. b3 Qf6 9. Bb2 Ne7
10. Qd2 Ng6 11. Ne2 Be7 12. a5 O-O 13. h4 g4 14. h5 gxf3 15. hxg6 Qxg6 16. gxf3
Bg5 17. f4 $40 {1-0 Stripunsky,A-Sulskis,S/Los Angeles USA 2003/(44)}) 7. b3 $1
Qf6 8. h3 Ne7 9. Be3 Nd7 10. Qd2 g5 $6 11. dxe5 dxe5 $8 12. Rd1 $1 Ng6 13. Ne2
$1 Be7 $2 14. Ng3 Nf4 15. Kf1 Rg8 $6 16. Nf5 Bb4 17. c3 Bf8 18. h4 $1 $40 {
1-0 Slobodjan,R-Telljohann,S/Bremen 1998/CBM 68/[Blatny,P] (29)}) (6. Qd3 Nd7
7. Be3 Ngf6 8. d5 c5 9. Nb5 Qd8 10. a4 a6 11. Na3 Be7 12. O-O O-O 13. Bd2 b6
14. c3 $14 {0-1 Roettger,C-Stubenrauch,B/Bayern 1996/EXT 99 (36)}) (6. Be3 Nf6
7. dxe5 dxe5 8. h3 g6 9. Bb3 Bg7 10. Qd2 Qc7 11. O-O-O Nbd7 12. Nh4 b5 13. f4
$36 {1-0 Sanchez,S-Montenegro,C/Merida 1997/EXT 2001 (22)}) (6. dxe5 dxe5 7.
Qd3 (7. Be3 Qf6 8. Qd3 Ne7 9. O-O-O Ng6 10. Ne2 Nd7 11. h4 Nc5 $2 12. Bxc5 Bxc5
13. Bxf7+ $1 Kxf7 14. Qc4+ Qe6 15. Qxc5 Qxa2 16. h5 $18 {1-0 Sziva,E-Van
Schaardenburg,M/NED 1994/EXT 98 (42)}) 7... Nd7 8. Be3 Ngf6 9. h3 Nc5 10. Bxc5
Qxc5 11. O-O-O Be7 12. g4 Nh7 13. Bb3 O-O 14. Rdg1 Be6 15. h4 Qxf2 $13 {
1-0 Vega,L-Ravelo Gil,E/Guines 1998/EXT 2003 (28)}) (6. h3 Nf6 7. d5 Nbd7 8.
Be3 Nb6 9. Bb3 Bd7 10. Bxb6 axb6 11. g4 g6 12. Qe2 Bg7 13. Rd1 O-O 14. Qe3 b5
15. g5 hxg5 16. dxc6 bxc6 17. Qxg5 Be6 18. Nh4 Rfe8 19. Nf5 Bxf5 20. exf5 d5
21. fxg6 fxg6 22. Qxg6 Qf7 $44 {1/2-1/2 Medvegy,N-Ezsol,M/Stockerau 1993/EXT
97 (41)}) 6... Nf6 (6... Bg4 7. Ne2 Bxf3 8. gxf3 Nd7 9. c3 Nb6 10. Bd3 O-O-O
11. a4 Qc7 12. b4 d5 $132 {1-0 Turiak,A-Borosovicz,J/SVK 2000/EXT 2002 (41)}) (
6... g5 7. dxe5 dxe5 8. Be3 Nd7 9. Ne1 Qf6 10. Nd3 Ne7 11. Ne2 Ng6 12. Ng3 Nf4
13. Nf5 Nxd3 14. Qxd3 Nc5 15. Bxc5 Bxc5 16. Rad1 O-O 17. Qh3 Bxf5 18. exf5 Rad8
$11 {1-0 Norberg,J-Haraldsson,L/Dos Hermanas 2004/CBM 99 ext (51)}) 7. a4 (7.
Be3 b6 8. h3 Ba6 9. Bd3 exd4 10. Nxd4 g6 11. Nxc6 $18 {1-0 Lourenco,V-Chagas,C/
Rio de Janeiro 2001/EXT 2002 (36)}) 7... Qc7 (7... Bg4 8. Re1 Nbd7 9. d5 Nb6
10. Bf1 cxd5 11. a5 Nbd7 12. Nxd5 Nxd5 13. Qxd5 Rb8 14. a6 b6 15. Bb5 $16 {
1/2-1/2 Feher,G-Ezsol,M/Balatonbereny 1996/CBM 53 ext (45)}) (7... a5 8. b3
Nbd7 9. Ba3 $16) 8. a5 {'!' White demonstrate their pretension on the queen's
side.} Be7 9. Nh4 (9. h3 O-O 10. Be3 Nbd7 11. Re1 $14) 9... Na6 (9... Nxe4 $5
10. Nxe4 d5 (10... Bxh4 11. dxe5 d5 12. Nd6+ Kf8 13. Qh5 $18) 11. Nf3 (11. dxe5
Qxe5 12. Re1 (12. Nf3 Qxe4 13. Bd3 Qb4 $1 14. Re1 O-O) 12... dxe4 13. Nf3 Qf5
14. Qe2 O-O 15. Nd4 Qg6 16. Qxe4 Qxe4 17. Rxe4 Bf6 18. c3 $14) 11... dxc4 (
11... Bg4 12. Be2 dxe4 13. Nxe5 Be6 14. Bg4 $1 $16) 12. Nxe5 Be6 13. Qe2 (13.
Bf4 Qd8 $14) 13... O-O 14. Nxc4 $16) 10. dxe5 dxe5 11. f4 Nb4 (11... Bc5+ $142
{Black were obliged to try to finish development by} 12. Kh1 Bg4 13. Nf3 $1 (
13. Qe1 Nb4 14. Bb3 O-O-O 15. Be3 Bd4 $132) 13... exf4 (13... Rd8 14. Qe2 exf4
(14... Bxf3 15. Rxf3 Bd4 16. Nd1 O-O (16... exf4 17. Bxf4 Be5 18. Bxe5 Qxe5 19.
Rf5 Qe7 20. e5 $16) 17. c3 Bc5 18. b4 $16) 15. e5 Nh5 16. Ne4 $36) 14. e5 Nh5
15. Ne4 $36) 12. f5 {'!'} Qd6 13. Qe2 Ng4 (13... Nxc2 14. Bxf7+ Kxf7 15. Qxc2
$16) 14. Bb3 (14. Qxg4 $5 Qd4+ 15. Rf2 Bc5 (15... Qxc4 16. Qxg7 Rf8 17. Bxh6
$18)) 14... Qc5+ 15. Kh1 Bxh4 (15... Nxh2 $1 16. Kxh2 Bxh4 17. Bxf7+ Kxf7 18.
Qh5+ Kg8 19. Qxh4 Nxc2 20. Ra4 Qf8 21. Rf2 Nd4 22. Be3 c5 23. f6 $40) 16. Qxg4
{'+/-'} Bf6 17. Qh5 Rf8 (17... Qe7 18. Be3 $16) 18. Na4 Qxa5 {'?'} (18... Qe7
19. Be3 Na6 20. Bc4 Bg5 21. Bg1 $16) (18... Qb5 19. Be3 Na6 20. Rfd1 $16) 19.
Be3 {'+-!'} Na6 (19... Qc7 20. Nb6 Rb8 21. Rxa7 Na6 22. Rd1 {[%cal Gb6c4,Gc4d6]
} Be7 (22... Qe7 23. Nc4 Qb4 24. Nd6+ Ke7 25. Bc4 Nc7 26. c3 $18) 23. Na8 $18)
(19... Bd7 20. Nc5 Qc7 21. Rad1 Rd8 22. c3 Na6 23. Ne6 $18) (19... Be7 20. f6
Bxf6 21. Bc5 $18) 20. Nb6 axb6 21. Rxa5 bxa5 22. Bb6 Be7 23. h3 Bd7 (23... a4
24. Bc4 Nb8 25. f6 $1 gxf6 (25... Bxf6 26. Bc5 $18) 26. Be3 $18) 24. Rd1 Bc8
25. Rd3 a4 26. Bc4 (26. Be6 $5 Bf6 (26... Nc5 27. Bxc5 Bxc5 28. Bxc8 Rxc8 29.
Qg4 $18) 27. Bxc8 Rxc8 28. Qd1 $18 {[%cal Gd3d7]}) 26... Nc5 27. Rg3 {'+-'}
Nxe4 28. Rxg7 Nd6 29. Be6 {'!'} Bf6 (29... a3 30. bxa3 Rxa3 31. Bc5 $18) 30.
Bc5 {'!'} Bxe6 31. fxe6 Bxg7 (31... Ke7 32. Rxf7+ Kxe6 33. Rxf8 Rxf8 34. Bxd6
Kxd6 35. Qxh6 Ke7 36. Qh7+ Rf7 37. Qe4 $18) 32. Bxd6 {'+-'} O-O-O 33. Bxf8 Bxf8
(33... Rxf8 34. e7 Re8 35. Qxf7 $18) 34. Qxf7 Rd1+ 35. Kh2 Bd6 36. Qd7+ Kb8 37.
e7 e4+ 38. Qxd6+ Rxd6 39. e8=Q+ $18 1-0

[Event "EU-Cup 20th"]
[Site "Izmir"]
[Date "2004.10.09"]
[Round "7.1"]
[White "Kasparov, Garry"]
[Black "Huzman, Alexander"]
[Result "1/2-1/2"]
[WhiteElo "2813"]
[BlackElo "2581"]
[Annotator "Huzman,A"]
[PlyCount "132"]
[EventDate "2004.10.03"]
[EventType "team-swiss"]
[EventRounds "7"]
[EventCountry "TUR"]
[SourceTitle "CBM 104"]
[Source "ChessBase"]
[SourceDate "2005.01.27"]
[SourceVersion "1"]
[SourceVersionDate "2005.01.27"]
[SourceQuality "1"]
[WhiteTeam "Ekaterinburg Max Ven"]
[BlackTeam "Beer Sheva"]
[WhiteTeamCountry "RUS"]
[BlackTeamCountry "ISR"]

1. e4 d6 2. d4 Nf6 3. Nc3 e5 4. Nf3 Nbd7 5. Bc4 Be7 6. O-O O-O 7. Re1 c6 8. a4
a5 9. b3 (9. Ba2 Qb6 10. Rb1 exd4 11. Qxd4 Qb4 12. Bd2 Ne5 13. Ne2 Nxf3+ 14.
gxf3 Qxd4 15. Nxd4 g6 16. Rbd1 Nd7 17. Bc4 Nb6 18. Bb3 Nd7 19. Bc4 Nb6 20. Bb3
{1/2-1/2 Smirin,I-Solak,D/Mallorca 2004/CBM 104_01 (20)}) 9... exd4 10. Nxd4 (
10. Qxd4 Ng4 11. Ba3 (11. h3 Bf6 (11... Nge5 12. Nxe5 dxe5 $11) 12. Qd2 Nge5
13. Be2 Nxf3+ 14. Bxf3 Be5 $1 $15 {[%cal Gd8f6,Yd7c5,Yf7f5] 0-1 Medvegy,
N-Oratovsky,M/Budapest 1999/CBM 73/[Oratovsky,M] (27)} (14... Ne5 15. Be2 Qb6
16. Ba3 Rd8 17. Rad1 Be6 18. Qf4 Ng6 19. Qf3 Be5 20. Bf1 Rac8 21. g3 $14 {
1-0 Ponomariov,R-Mitkov,N/Panormo GRE 2001/ (30)})) 11... Bf6 12. Qd2 Nde5 13.
Rad1 (13. Be2 Qb6 14. Rf1 Rd8 15. Rad1 Nxf3+ 16. Bxf3 Be6 17. h3 Ne5 18. Be2 d5
19. exd5 cxd5 20. Kh1 Rac8 21. Nb5 Ng6 22. Bd3 Nh4 23. Rfe1 h6 24. Qf4 $14 {
1/2-1/2 Bryson,D-Mitkov,N/Leon ESP 2001/ (36)}) (13. Bf1 Nxf2 $2 (13... Qb6 $5
$36 {[%cal Rg4f2]}) 14. Kxf2 Ng4+ 15. Ke2 b5 16. axb5 cxb5 17. Bb2 Ba6 18. Kd1
$18 {Pcola,P-Petrov,J/SVK-CRO Piestany 1996 1-0 (21)}) 13... Qb6 14. Nxe5 Bxe5
15. h3 Nxf2 16. Qxf2 Qxf2+ 17. Kxf2 Bxc3 18. Re3 Bf6 19. Bxd6 Re8 20. Bc7 $14 {
1-0 Hamdouchi,H-Oratovski,M/Mancha Real op 2000/Ajelibre (57)}) 10... Nb6 (
10... Nc5 11. Bb2 (11. Bf1 Qb6 12. Bb2 Rd8 13. Qf3 Ng4 14. Rad1 Bh4 15. g3 Bf6
16. h3 Ne5 17. Qe3 Be6 18. Ba3 Bc8 19. f4 $16 {1-0 Tischbierek,R-Urban,J/
BL9293 1993/GER-chT (41)}) 11... Re8 (11... Kh8 12. Qd2 Ng4 13. Rad1 Qb6 14.
Bf1 Bf6 15. h3 Ne5 16. Qe3 Ng6 17. Nf5 Bxf5 18. exf5 Nh4 19. Nd5 cxd5 20. Bxf6
gxf6 21. Qd4 Nxf5 22. Qxf6+ Ng7 23. Rxd5 Qd8 24. Qh6 f6 $15 {1-0 Shirov,
A-Hamdouchi,H/Barcelona ESP-tch 2000/ (40)}) 12. Qd2 (12. Qf3 Bf8 13. h3 Re5
14. Re3 g6 {1/2-1/2 Klovans,J-Shabanov,Y/Arco ITA 2001/ (14)}) 12... Bf8 13. f3
Qb6 14. Kh1 Bd7 15. Rad1 Rad8 16. Qf4 Ne6 17. Nxe6 Bxe6 18. Bxe6 fxe6 19. e5
Nd5 20. Qd2 dxe5 21. Qg5 Be7 22. Qg3 Qc7 23. Ne4 Nf4 24. Rxd8 Rxd8 25. Nf2 Ng6
26. Qg4 Qd7 27. Nd3 $14 {1/2-1/2 Shirov,A-Beliavsky,A/BL 9900 2000 (59)}) 11.
Bd3 (11. Bf1 d5 12. e5 (12. exd5 Nbxd5 13. Nxd5 Nxd5 14. Ba3 Bxa3 15. Rxa3 Qf6
$15 {0-1 Djukic,N-Damljanovic,B/Herceg Novi 2002/CBM 86 ext (49)}) 12... Ne4 (
12... Ne8 13. Bd3 (13. Qh5 $5 g6 14. Qh6 Ng7 15. Bd3 c5 16. Nf3 Ne6 17. Rd1 Bd7
18. Bf1 Bc6 19. Ne4 $36 {1-0 De la Paz,F-Pecorelli Garcia,H/Havana CUB 2003/
(64)}) (13. Qf3 Nc7 14. Nce2 f6 15. exf6 Bxf6 16. Qc3 Nd7 17. Ba3 c5 18. Bxc5
Nxc5 19. Qxc5 Be7 20. Qc3 Bb4 21. Qg3 Bxe1 22. Rxe1 $44 {1-0 Ramesh,R-Doostkam,
P/Dubai UAE 2004/(61)}) 13... g6 14. Bh6 (14. Nce2 Ng7 15. Ng3 Re8 16. Bh6 Bb4
17. Bd2 Bf8 18. h3 Nd7 19. Nf3 Qc7 20. Bc3 Ne6 $11 {0-1 Zufic,M-Cvitan,O/Pula
2002/CBM 88 ext (40)}) 14... Ng7 {[%cal Ye7b4,Yb4e1]} 15. Nce2 Re8 16. c3 Bg5
17. Bxg5 Qxg5 18. f4 $14 {1/2-1/2 Moreno Carnero,J-Bologan,V/Pamplona 2001/CBM
87/[Huzman] (41)}) (12... Ng4 13. h3 Bb4 14. Qd3 (14. Qf3 Nxf2 15. Bb2 Ne4 $17
{1-0 Pinheiro,J-Milla de Marco,C/Orense 2002/CBM 89 ext (25)}) 14... c5 15.
hxg4 cxd4 16. Qxd4 Be6 17. Ba3 $16 {1-0 Kosintseva,N-Voiska,M/Istanbul TUR
2003/(44)}) 13. Nxe4 dxe4 14. Bb2 f5 (14... c5 15. Nb5 Bf5 16. Qe2 $16 {
[%cal Ga1d1,Gb5d6]}) 15. exf6 Bxf6 16. Rb1 Re8 (16... Qd6 $5 17. g3 (17. Ne2
Qxd1 18. Rexd1 Bxb2 19. Rxb2 Bf5 20. Ng3 Rae8 $11) 17... Rd8 18. c3 Bxd4 $1 19.
cxd4 Bf5 20. Bg2 Qg6 $11 {[%cal Yb6d5]}) 17. g3 $1 Nd5 $11 {1-0 Quezada,
Y-Maiwald,J/Havana 2004/CBM 101/[Huzman] (55)}) 11... Nfd7 (11... d5 12. e5 Ne8
(12... Ng4 13. Nf5 Bxf5 14. Bxf5 Bb4 15. Qxg4 Bxc3 16. Qh3 $18 {1-0 Feher,
G-Rat,D Zalakaros 2003 EXT 2004(20)}) 13. Bb2 (13. Qh5 $5) 13... g6 14. Kh1 Ng7
15. f4 Bc5 16. Nce2 Bg4 17. Qd2 Nc8 $11 {1/2-1/2 Zaragatski,I-Papa,S/Deizisau
GER 2003/(50)}) (11... Ng4 12. Be2 Bf6 13. Bb2 Be5 14. Bxg4 Bxg4 15. Qxg4 Bxd4
16. Rad1 c5 17. Rxd4 cxd4 18. Nb5 $44 {1-0 Pavasovic,D-Maier,A/Salzburg 2004/
CBM 102 ext(39).}) 12. Bf1 Nc5 13. Ba3 {'!'} (13. Bb2 Re8 14. Qf3 (14. Qd2 Bg5
$5 15. f4 Bf6 16. Rad1 $140 Bg4 $132) 14... Bf6 15. Rad1 Be5 $132) 13... Re8
14. Qd2 (14. Qf3 Bf6 15. Rad1 Qe7 $132) 14... Bf8 (14... Bg5 15. f4 Bf6 16. e5
Be7 17. Qf2 $16) 15. Rad1 Bd7 (15... Qf6 16. Bb2 {[%cal Gb2f6]} Bd7 17. f3 $14
d5 $140 18. exd5 Nxd5 19. Nxd5 cxd5 20. Bc3 $16) 16. Bb2 (16. Qf4 Qe7 17. Nf3
Be6 $14) 16... Qc7 {White placed his pieces ideally. He hase a space advantage
and should improve his position. Black has no counterplay and should wait for
a opportunity to free his position by moves d5 or f5.} 17. Qf4 (17. g3 $5 $16)
17... Rac8 18. Nf3 h6 19. h3 (19. Qg3 $1 Be6 20. Bc1 $1 Kh8 21. Bf4 Rcd8 22.
Nd4 Bc8 (22... Qe7 $142 $16) 23. e5 $1 Qd7 24. exd6 Rxe1 25. Rxe1 Qg4 (25...
Bxd6 26. Nf5 $1 Qxf5 27. Bxd6 $16) 26. Qe3 $1 Bxd6 27. Nxc6 $1 Bxf4 28. Qxc5
bxc6 29. Qxb6 $18) 19... Be6 20. Qg3 (20. Nd4 Nbd7 (20... d5 21. Qxc7 Rxc7 22.
exd5 Nxd5 23. Nxd5 cxd5 24. Bb5 Rec8 25. Re3 $16) 21. Re3 Be7) 20... f5 21. Nd4
Qf7 22. Nxe6 (22. Be2 Rcd8 (22... fxe4 23. Nxe6 Rxe6 24. Bg4 d5 25. Ne2 Nbd7
26. Bxe6 Nxe6 $44)) (22. Bc1 $5 Kh8 (22... fxe4 23. Nxe4 Nxe4 24. Rxe4 Bd7 (
24... Bd5 25. Rh4 Kh8 26. Bd3 $40) 25. Rh4 Kh8 26. Bd3 $40) 23. Be3 {[%cal
Ge3b6]} Nbd7 $1 24. Nxe6 (24. Nxf5 Bxf5 25. exf5 Qxf5 $11) 24... Qxe6 25. Bc4
Qf6 26. Bd4 f4 $1 $132) 22... Rxe6 23. exf5 Qxf5 (23... Rxe1 24. Rxe1 Qxf5 25.
Re2 d5 $11) 24. Rxe6 Qxe6 25. Ne2 d5 26. Nd4 Qf6 27. Bd3 (27. Qf3 Qxf3 (27...
Nbd7 $5) 28. Nxf3 Ne4 29. Bd3 Bb4 $11) (27. Qg4 Re8 28. Ba1 Nbd7 29. Nf5 Ne5
$11) 27... Nxd3 28. Rxd3 Re8 29. Re3 (29. Rf3 $140 $2 Bd6 $1 30. Rxf6 Re1+ $19)
29... Rxe3 30. Qxe3 Nd7 (30... Kf7 $1 $11 {[%cal Yf6b2]}) 31. Qe6+ Qf7 {
Both of opponents feel deficit of time at this moment of the game. That's why
the last part of the game contains many mistakes but the managment of Fide
probably likes it.} (31... Qxe6 32. Nxe6 $14 {[%csl Ra5]}) 32. f3 Bc5 (32... g6
$5) 33. Kf1 Nf8 34. Qxf7+ Kxf7 35. Ke2 g6 36. f4 Bd6 37. Bc1 h5 38. f5 Kf6 39.
g4 hxg4 40. hxg4 gxf5 41. Nxf5 Bc7 42. Bb2+ Kg5 43. Kf3 {'+/=' White still has
some chances for victory due to the passed pawn g4 and the weakness on a5.} Ng6
(43... Ne6 44. Nd4 $14) 44. Bc3 Bb8 (44... c5 {[%cal Yd5d4]} 45. Bg7 $1) 45.
Bd4 Bc7 46. c4 {'+/-!'} Bb8 (46... dxc4 47. bxc4 $16 {[%cal Gc4c5,Gf5d6]}) 47.
cxd5 cxd5 48. Bc3 (48. Ne3 Ne7 49. Bb6 Nc6 50. Nxd5 Ne5+ 51. Ke4 Nxg4 52. Bd4
$5 $16 (52. Bxa5 Nf6+ $11)) 48... Bc7 49. Ne3 Ne7 50. Bg7 Bb8 51. Bc3 Ba7 52.
Bd2 Kg6 53. Bxa5 Nc6 54. Bc7 Nd4+ $2 (54... Bxe3 $1 55. Kxe3 Kg5 56. Bd6 (56.
b4 Nxb4 57. Kf3 Nc6 $11) (56. Kf3 Nd4+ $11) 56... Kxg4 57. b4 Kf5 58. b5 Ke6
$11) 55. Kg2 Nxb3 56. Nxd5 $18 Nc5 57. a5 Ne6 58. Bg3 Nd4 59. Ne7+ (59. Bf2 $5
Nc6 60. Bxa7 Nxa7 61. Nb4 $1 {[%cal Gb4d3,Gd3c5,Gc5b7,Rb4c6,Ra7c6]} Kf6 62. Kg3
Ke5 63. g5 Nc8 64. Kg4 Ne7 $16) 59... Kg5 60. Kh3 Nf3 61. Nc8 Bd4 62. Bc7 Bc5
63. Bd8+ Kg6 64. Kg3 Nd2 65. Ne7+ Kf7 66. Nf5 Nc4 1/2-1/2